[Event "Campeonato Nacional da 1ª divisão"]
[Site "Torres Vedras"]
[Date "2011.07.25"]
[Round "3.7"]
[White "Garcia Romero, Benjamin Abel "]
[Black "Ferreira, Jorge João Viterbo"]
[Result "1/2-1/2"]
[WhiteElo "2255"]
[BlackElo "2327"]
[PlyCount "140"]
[EventDate "2011.07.23"]

1. d4 Nf6 2. c4 g6 3. Nc3 Bg7 4. e4 d6 5. f3 O-O 6. Bg5 c5 7. d5 h6 8. Be3 e6
9. Qd2 exd5 10. cxd5 Nh7 11. Nge2 Nd7 12. Ng3 h5 13. Be2 a6 14. Bh6 b5 15. Bxg7
Kxg7 16. Nd1 c4 17. Ne3 Nc5 18. O-O Nf6 19. Nh1 Ra7 20. Nf2 Re7 21. Rfe1 Qb6
22. Kf1 Rfe8 23. Rac1 Bd7 24. Qd4 Bc8 25. b3 cxb3 26. axb3 Qd8 27. Bd1 a5 28.
b4 axb4 29. Qxb4 Kg8 30. Be2 Ba6 31. Qb2 Nfd7 32. Nc2 Qb6 33. Qb4 Ne5 34. Nd4
Rb7 35. Red1 Nc4 36. Kg1 Ne3 37. Rd2 Nc4 38. Rdd1 Ne3 39. Rd2 Nc4 40. Ra2 Reb8
41. Nc6 Re8 42. Bf1 Ne5 43. Nd4 Nc4 44. Rb1 Ne5 45. Be2 Rc8 46. Kf1 Qd8 47. Qd2
Qh4 48. Kg1 Nc4 49. Qe1 f5 50. Ne6 Nxe6 51. dxe6 Ra7 52. Qc3 Qe7 53. Qd4 Rcc7
54. exf5 gxf5 55. f4 h4 56. Bf3 Qg7 57. Qxg7+ Kxg7 58. Rba1 b4 59. Rxa6 Rxa6
60. Rxa6 b3 61. Nd3 b2 62. Nxb2 Nxb2 63. Rxd6 Kf6 64. Rd2 Na4 65. Bd1 Rc1 66.
Kf2 Nc5 67. Bf3 Nxe6 68. g3 hxg3+ 69. hxg3 Rc4 70. Bg2 Nxf4 1/2-1/2

[Event "Campeonato Nacional da 1ª divisão"]
[Site "Torres Vedras"]
[Date "2011.07.25"]
[Round "3.7"]
[White "Gómez Gómez, Francisco Javier"]
[Black "Viela, Marco António Folha"]
[Result "1/2-1/2"]
[WhiteElo "2129"]
[BlackElo "2219"]
[PlyCount "77"]
[EventDate "2011.07.23"]

1. e4 Nf6 2. e5 Nd5 3. c4 Nb6 4. d4 d6 5. exd6 cxd6 6. Nc3 g6 7. Be3 Bg7 8. Rc1
O-O 9. Be2 Nc6 10. d5 Ne5 11. b3 h5 12. h3 e6 13. Nf3 Nxf3+ 14. Bxf3 e5 15. c5
dxc5 16. Bxc5 Re8 17. O-O Nd7 18. Bd6 Bh6 19. Ne4 f5 20. Bc7 Qe7 21. d6 Qg7 22.
Nc5 e4 23. Re1 Bxc1 24. Qxc1 Nxc5 25. Qxc5 Bd7 26. Be2 Qe5 27. Bc4+ Kh7 28. Bd5
b6 29. Qc4 b5 30. Qc5 a6 31. Rc1 f4 32. Bxa8 Qxc5 33. Rxc5 Rxa8 34. Ba5 Rc8 35.
Re5 Re8 36. Re7+ Rxe7 37. dxe7 Kg8 38. Bd2 f3 39. gxf3 1/2-1/2

[Event "Campeonato Nacional da 1ª divisão"]
[Site "Torres Vedras"]
[Date "2011.07.25"]
[Round "3.8"]
[White "Silva, Fernando"]
[Black "Picard, Romain"]
[Result "*"]
[WhiteElo "2364"]
[BlackElo "2351"]
[PlyCount "92"]
[EventDate "2011.07.23"]

1. c4 b6 2. d4 e6 3. Nf3 Bb7 4. g3 Nf6 5. Bg2 c5 6. d5 exd5 7. Nh4 g6 8. cxd5
Bg7 9. Nc3 O-O 10. O-O d6 11. e4 Na6 12. f4 Nc7 13. a4 a6 14. Qb3 b5 15. e5
dxe5 16. d6 Qxd6 17. Bxb7 c4 18. Qc2 Qb6+ 19. Qf2 Qxb7 20. axb5 axb5 21. Rxa8
Qxa8 22. Qc5 Qb7 23. f5 Rc8 24. Bg5 Ne6 25. Qe3 Nxg5 26. Qxg5 Ne4 27. Qe3 Nxc3
28. bxc3 b4 29. cxb4 Qxb4 30. Qe4 Qc5+ 31. Kg2 Rd8 32. fxg6 hxg6 33. Rxf7 Kxf7
34. Qxg6+ Kf8 35. Qf5+ Ke8 36. Qg6+ Kf8 37. Qf5+ Ke8 38. Qg6+ Kd7 39. Qxg7+ Kc8
40. Nf5 c3 41. Ne7+ Kb8 42. Qf6 Qd6 43. Qf7 Qc7 44. Kf2 Qb6+ 45. Kg2 Qb7+ 46.
Kh3 c2 *

[Event "Campeonato Nacional da 1ª divisão"]
[Site "Torres Vedras"]
[Date "2011.07.25"]
[Round "3.8"]
[White "Padeiro, José"]
[Black "Eggert, Alberto"]
[Result "1-0"]
[WhiteElo "2161"]
[BlackElo "2304"]
[PlyCount "157"]
[EventDate "2011.07.23"]

1. e4 c5 2. c3 d5 3. exd5 Qxd5 4. d4 Nc6 5. Nf3 Bg4 6. Be2 Nf6 7. dxc5 Qxc5 8.
Be3 Qd6 9. Qxd6 exd6 10. Na3 Be7 11. O-O O-O 12. h3 Be6 13. Bg5 Rfd8 14. Nb5 h6
15. Bh4 g5 16. Bg3 Ne4 17. Bh2 a6 18. Nbd4 Bf6 19. Rad1 d5 20. Bc7 Rd7 21. Bb6
Rc8 22. Nxc6 bxc6 23. Bd4 g4 24. hxg4 Bxg4 25. Bxf6 Bxf3 26. Bxf3 Nxf6 27. Rd4
c5 28. Ra4 Rd6 29. Rd1 Kg7 30. Kf1 Kg6 31. b3 Kg5 32. g3 Rc7 33. Kg2 Rcd7 34.
Be2 Ne4 35. Rc1 Ra7 36. Ra5 Rc7 37. f3 Nf6 38. Rd1 Rcc6 39. Kf2 Kg6 40. Ra4 Kf5
41. Bd3+ Ke6 42. g4 Kd7 43. Rh1 Ke7 44. Kg2 d4 45. c4 Kf8 46. Rxh6 Kg7 47. g5
Ne8 48. Rxd6 Nxd6 49. f4 f5 50. Kf3 Kg6 51. b4 cxb4 52. Rxb4 Nf7 53. Ra4 Re6
54. Kg2 Rc6 55. c5 Rxc5 56. Rxd4 Kh5 57. Rd7 Nxg5 58. fxg5 Kxg5 59. Rd4 a5 60.
Kf3 Re5 61. Rd8 Rc5 62. Rg8+ Kf6 63. Kf4 Rd5 64. Ke3 Ke5 65. Re8+ Kf6 66. Rb8
f4+ 67. Ke4 Re5+ 68. Kxf4 Rd5 69. Rb6+ Ke7 70. Ke4 Rh5 71. Rb5 Rh4+ 72. Ke5 Ra4
73. Rb7+ Kd8 74. Rb2 Kc7 75. Kd5 Ra3 76. Bc4 Rh3 77. Kc5 Rh5+ 78. Bd5 Rh3 79.
Rb7+ 1-0

[Event "Campeonato Nacional da 1ª divisão"]
[Site "Torres Vedras"]
[Date "2011.07.25"]
[Round "3.8"]
[White "Marques, Rui Filipe Pereira"]
[Black "Carneiro, Carlos Alberto Carva"]
[Result "0-1"]
[WhiteElo "2135"]
[BlackElo "2278"]
[PlyCount "42"]
[EventDate "2011.07.23"]

1. e4 c5 2. c3 g6 3. d4 cxd4 4. cxd4 d5 5. e5 Bg7 6. Nc3 Nh6 7. Nf3 O-O 8. Qb3
Nc6 9. Be3 e6 10. Bd3 Ng4 11. Bd2 f6 12. h3 Nxf2 13. Kxf2 fxe5 14. dxe5 Qh4+
15. g3 Qd4+ 16. Be3 Qxd3 17. Rad1 Rxf3+ 18. Kxf3 Nd4+ 19. Kg2 Qxe3 20. Rxd4
Qxd4 21. Rd1 Qb6 0-1

[Event "Campeonato Nacional da 1ª divisão"]
[Site "Torres Vedras"]
[Date "2011.07.25"]
[Round "3.8"]
[White "Santos, José Luis Machado Al"]
[Black "Cruz, Paulo Alexandre Rosa"]
[Result "1/2-1/2"]
[WhiteElo "2225"]
[BlackElo "2078"]
[PlyCount "126"]
[EventDate "2011.07.23"]

1. e4 e5 2. Nf3 d6 3. d4 Nd7 4. Nc3 Ngf6 5. Be2 Be7 6. h3 c6 7. a4 a5 8. Be3
O-O 9. O-O h6 10. Qd2 Nh7 11. Rad1 Bf6 12. Rfe1 Qe7 13. Bf1 Re8 14. Ne2 Ng5 15.
Nxg5 Bxg5 16. Ng3 g6 17. Bc4 Bxe3 18. Rxe3 Nb6 19. Bb3 Qg5 20. Rf3 Be6 21. Qxg5
hxg5 22. dxe5 dxe5 23. Bxe6 Rxe6 24. Rb3 Ra6 25. Nf1 Re7 26. Ra3 Ra8 27. Ne3 f6
28. Ng4 Kg7 29. Rf3 Rd7 30. Rxd7+ Nxd7 31. Rc3 Kf7 32. f3 Rd8 33. Ne3 Ke7 34.
Kf1 Ra8 35. Nc4 Ra6 36. Nd2 Nb6 37. b3 Ra8 38. Ke2 Kd6 39. Rd3+ Ke7 40. c3 Nd7
41. Re3 Nc5 42. c4 Ne6 43. Rc3 Nf4+ 44. Kf2 Rd8 45. Rc2 Nd3+ 46. Ke2 Nc5 47.
Rc3 Ne6 48. Nf1 Nf4+ 49. Kf2 Rd3 50. Rxd3 Nxd3+ 51. Ke3 Nc1 52. Nd2 Kd6 53. g3
Kc5 54. f4 Kb4 55. fxe5 fxe5 56. Nf3 Nxb3 57. Nxe5 Kc3 58. h4 b5 59. cxb5 cxb5
60. axb5 a4 61. b6 Na5 62. Nd3 Nc4+ 63. Ke2 Nxb6 1/2-1/2

[Event "Campeonato Nacional da 1ª divisão"]
[Site "Torres Vedras"]
[Date "2011.07.26"]
[Round "4.1"]
[White "Gonzalez Perez, Arian"]
[Black "Buhmann, Rainer"]
[Result "1/2-1/2"]
[WhiteElo "2490"]
[BlackElo "2582"]
[PlyCount "93"]
[EventDate "2011.07.23"]

1. d4 d5 2. c4 c6 3. Nc3 Nf6 4. cxd5 cxd5 5. Bf4 Nc6 6. e3 a6 7. Rc1 Bg4 8. Be2
e6 9. Nf3 Bd6 10. Bxd6 Qxd6 11. O-O O-O 12. Na4 Nd7 13. a3 Rfc8 14. Nc5 Nxc5
15. Rxc5 Ne7 16. b4 Bxf3 17. Bxf3 b6 18. Rxc8+ Rxc8 19. Be2 b5 20. a4 Qxb4 21.
axb5 axb5 22. Qb1 Qxb1 23. Rxb1 b4 24. Rxb4 Rc1+ 25. Bf1 g5 26. g3 Kg7 27. Kg2
Rc2 28. Rb7 Ng8 29. Bd3 Rd2 30. Bb1 Nf6 31. h3 Ne8 32. Kf1 Rd1+ 33. Kg2 Nd6 34.
Rb3 h5 35. Bd3 Rd2 36. Kf1 Kf6 37. Ke1 Ra2 38. Kf1 Ke7 39. Rc3 Ra1+ 40. Kg2 g4
41. h4 Rd1 42. Ra3 f5 43. Ra7+ Kf6 44. Ra6 Ke7 45. Ra7+ Kd8 46. Ra8+ Ke7 47.
Ra7+ 1/2-1/2

[Event "Campeonato Nacional da 1ª divisão"]
[Site "Torres Vedras"]
[Date "2011.07.26"]
[Round "4.1"]
[White "Spraggett, Kevin Barry"]
[Black "Ferreira, Jorge João Viterbo"]
[Result "1-0"]
[WhiteElo "2573"]
[BlackElo "2327"]
[PlyCount "147"]
[EventDate "2011.07.23"]

1. d4 Nf6 2. c4 e6 3. Nf3 d5 4. Nc3 Nbd7 5. e3 Be7 6. Bd3 dxc4 7. Bxc4 c5 8.
O-O O-O 9. Qe2 a6 10. a4 Qc7 11. dxc5 Bxc5 12. e4 Bd6 13. Bg5 Ng4 14. h3 Nge5
15. Nxe5 Nxe5 16. Ba2 Bd7 17. f4 Ng6 18. f5 exf5 19. exf5 Rae8 20. Qc4 Qxc4 21.
Bxc4 Ne5 22. Bb3 Be7 23. Bxe7 Rxe7 24. Nd5 Ree8 25. Rad1 Bc6 26. f6 Bxd5 27.
Rxd5 gxf6 28. Rxf6 Kg7 29. Rb6 Re7 30. Rd4 Rc8 31. Kf2 Rc6 32. Rxc6 bxc6 33.
Bc2 a5 34. b4 Ra7 35. Ke3 axb4 36. Rxb4 Ra5 37. Kd2 h6 38. Kc3 Nd7 39. Rb7 Nc5
40. Rc7 Nxa4+ 41. Kb4 Rg5 42. Kxa4 Rxg2 43. Rxc6 Rg3 44. Bf5 Rf3 45. Rc5 Kf6
46. Bg4 Rf4+ 47. Kb3 Kg6 48. Kc2 Kg7 49. Kd2 Kg6 50. Ke3 Rf6 51. Rc1 Ra6 52.
Bf3 Kg7 53. Be4 Ra5 54. Kf4 Ra3 55. Rg1+ Kf6 56. h4 Rh3 57. Kg4 Re3 58. Bd5 Re7
59. Bb3 Rb7 60. Rg3 Kg6 61. Bc2+ f5+ 62. Bxf5+ Kf6 63. Kf4 Rg7 64. Ra3 Rg1 65.
Ra6+ Kg7 66. Ke5 Re1+ 67. Be4 Rg1 68. Ra7+ Kh8 69. Kf6 Rg3 70. Rh7+ Kg8 71.
Rxh6 Kf8 72. Bd5 Ke8 73. Be6 Kd8 74. Rh7 1-0

[Event "Campeonato Nacional da 1ª divisão"]
[Site "Torres Vedras"]
[Date "2011.07.26"]
[Round "4.1"]
[White "Butkiewicz, Lukasz"]
[Black "Oliveira, Carlos André Ramalho"]
[Result "1-0"]
[WhiteElo "2435"]
[BlackElo "2189"]
[PlyCount "80"]
[EventDate "2011.07.23"]

1. e4 c6 2. d4 d5 3. Nc3 g6 4. e5 h5 5. f4 Nh6 6. Nf3 Bf5 7. Be3 Qb6 8. Na4
Qa5+ 9. c3 e6 10. b4 Qc7 11. Be2 b5 12. Nc5 a5 13. a4 axb4 14. cxb4 bxa4 15.
Rxa4 Rxa4 16. Qxa4 Be7 17. O-O O-O 18. Ra1 Bg4 19. Qa7 Qxa7 20. Rxa7 Nf5 21.
Bf2 Rd8 22. Rb7 Rc8 23. h3 Bxf3 24. Bxf3 Bh4 25. Bxh4 Nxh4 26. Be2 Nf5 27. Nb3
Kf8 28. g4 hxg4 29. hxg4 Ne7 30. Nc5 Ke8 31. Bd1 Rd8 32. Ba4 Nd7 33. Na6 Rc8
34. b5 Kd8 35. b6 Ra8 36. Rxd7+ Kxd7 37. b7 Rxa6 38. b8=N+ Kc7 39. Nxa6+ Kb6
40. Nc5 g5 1-0

[Event "Campeonato Nacional da 1ª divisão"]
[Site "Torres Vedras"]
[Date "2011.07.26"]
[Round "4.2"]
[White "Tivyakov, Sergey Nikolayevich"]
[Black "Johannessen, Leif Erlend"]
[Result "1-0"]
[WhiteElo "2623"]
[BlackElo "2496"]
[PlyCount "45"]
[EventDate "2011.07.23"]

1. e4 e5 2. Nf3 Nc6 3. Bb5 a6 4. Ba4 Nge7 5. O-O g6 6. c3 Bg7 7. d4 exd4 8.
cxd4 b5 9. Bb3 O-O 10. Nc3 d6 11. d5 Na5 12. Bc2 c6 13. dxc6 Nc4 14. Bb3 Bg4
15. Bxc4 bxc4 16. Bg5 f6 17. Bf4 Rf7 18. h3 Bxf3 19. Qxf3 Nxc6 20. Qe2 f5 21.
Qxc4 Rc8 22. exf5 d5 23. Nxd5 1-0

[Event "Campeonato Nacional da 1ª divisão"]
[Site "Torres Vedras"]
[Date "2011.07.26"]
[Round "4.2"]
[White "Dias, Paulo Jorge Guimarãe"]
[Black "Korneev, Oleg"]
[Result "1/2-1/2"]
[WhiteElo "2434"]
[BlackElo "2588"]
[PlyCount "81"]
[EventDate "2011.07.23"]

1. d4 d5 2. c4 c6 3. Nf3 Nf6 4. Nc3 e6 5. cxd5 exd5 6. Bg5 Be7 7. Qc2 g6 8. e4
dxe4 9. Bxf6 Bxf6 10. Qxe4+ Kf8 11. Bc4 Bf5 12. Qf4 Qe7+ 13. Kf1 Nd7 14. g4 Be6
15. Bxe6 g5 16. Qe3 Qxe6 17. Qxe6 fxe6 18. Re1 Ke7 19. Kg2 h5 20. h3 Nf8 21.
Ne4 Rd8 22. Nxf6 Kxf6 23. Re4 Ng6 24. h4 hxg4 25. Rxg4 Nxh4+ 26. Nxh4 gxh4 27.
Rgxh4 Rxh4 28. Rxh4 Rd5 29. Rh7 b5 30. Rc7 Rxd4 31. Rxc6 a5 32. Rc5 Rb4 33. a4
bxa4 34. Rxa5 e5 35. Kg3 Ke6 36. f3 Kd6 37. Kh3 e4 38. fxe4 Rxe4 39. Kg3 Kc6
40. Kf3 Rh4 41. Ke3 1/2-1/2

[Event "Campeonato Nacional da 1ª divisão"]
[Site "Torres Vedras"]
[Date "2011.07.26"]
[Round "4.2"]
[White "Leite, Catarina dos Anjos d"]
[Black "Pereira, Ruben Miguel Nunes"]
[Result "0-1"]
[WhiteElo "2165"]
[BlackElo "2436"]
[PlyCount "80"]
[EventDate "2011.07.23"]

1. e4 c5 2. Nc3 e6 3. g3 Nc6 4. Bg2 Nf6 5. d3 Be7 6. Nge2 O-O 7. O-O a6 8. h3
Qc7 9. Be3 b5 10. Qd2 b4 11. Na4 d6 12. d4 cxd4 13. Nxd4 Bd7 14. b3 Nxd4 15.
Bxd4 Rab8 16. Rac1 e5 17. Bb2 Bc6 18. Rfe1 Qb7 19. Qe3 Nd7 20. a3 a5 21. axb4
axb4 22. c3 Bxa4 23. bxa4 b3 24. Ra1 Bd8 25. Bf1 Bb6 26. Qd2 f5 27. Qd5+ Qxd5
28. exd5 Nc5 29. a5 Ba7 30. Kg2 f4 31. f3 fxg3 32. Kxg3 Rf6 33. Ba3 Rbf8 34.
Bg2 Nd3 35. Re4 Nf4 36. Kh2 Rg6 37. Rxf4 Rxf4 38. Rb1 e4 39. Bc1 exf3 40. Bxf4
fxg2 0-1

[Event "Campeonato Nacional da 1ª divisão"]
[Site "Torres Vedras"]
[Date "2011.07.26"]
[Round "4.3"]
[White "Galego, Luis Miguel Araújo B"]
[Black "Swinkels, Robin Henri Adrianus"]
[Result "1-0"]
[WhiteElo "2474"]
[BlackElo "2483"]
[PlyCount "85"]
[EventDate "2011.07.23"]

1. e4 c6 2. Nc3 d5 3. Qf3 dxe4 4. Nxe4 Nf6 5. Bc4 Nbd7 6. Nxf6+ Nxf6 7. Ne2 e5
8. Qg3 Qd6 9. O-O b5 10. Bb3 c5 11. d3 a6 12. Re1 Ra7 13. a4 b4 14. a5 Re7 15.
c3 g6 16. cxb4 cxb4 17. Bd2 Be6 18. Ba4+ Bd7 19. Rec1 Bxa4 20. Rxa4 Rc7 21.
Rxb4 Rxc1+ 22. Nxc1 Nd5 23. Rc4 Be7 24. d4 O-O 25. dxe5 Qe6 26. b3 Rb8 27. h3
Ba3 28. Ne2 Bb2 29. Nd4 Bxd4 30. Rxd4 h5 31. b4 Rb5 32. Qg5 Kh7 33. g4 hxg4 34.
Rxg4 Ne7 35. Rh4+ Kg8 36. Bc3 f5 37. Qh6 Qb3 38. Qh7+ Kf8 39. Qh8+ Kf7 40. Qf6+
Ke8 41. Rh8+ Ng8 42. Qg7 Qxc3 43. Rxg8# 1-0

[Event "Campeonato Nacional da 1ª divisão"]
[Site "Torres Vedras"]
[Date "2011.07.26"]
[Round "4.3"]
[White "Hennig, Dirk"]
[Black "Lima, Darcy Gustavo Machad"]
[Result "0-1"]
[WhiteElo "2396"]
[BlackElo "2493"]
[PlyCount "68"]
[EventDate "2011.07.23"]

1. d4 e6 2. Nf3 Nf6 3. c4 c5 4. Nc3 cxd4 5. Nxd4 b6 6. e4 d6 7. Be3 Bb7 8. f3
a6 9. Be2 Be7 10. O-O O-O 11. Qd2 Nbd7 12. Rfd1 Rc8 13. Rac1 Qc7 14. Bf1 Qb8
15. Qf2 Bd8 16. Kh1 Bc7 17. Qh4 Ne5 18. b3 Rfe8 19. Bg1 Kh8 20. Nc2 Rg8 21. Qg5
h6 22. Qd2 g5 23. Nb4 Rg6 24. c5 dxc5 25. Nxa6 Bxa6 26. Bxa6 Rd8 27. Qe2 Rxd1
28. Rxd1 Nc6 29. Qb5 Nd4 30. Bxd4 cxd4 31. Rxd4 Bxh2 32. Rb4 Qg3 33. e5 g4 34.
Ne2 Qe1+ 0-1

[Event "Campeonato Nacional da 1ª divisão"]
[Site "Torres Vedras"]
[Date "2011.07.26"]
[Round "4.3"]
[White "Fernando, Diogo Brigido"]
[Black "Hammes, Michael Florian"]
[Result "1-0"]
[WhiteElo "2467"]
[BlackElo "2391"]
[PlyCount "93"]
[EventDate "2011.07.23"]

1. c4 e6 2. Nc3 d5 3. d4 Be7 4. Nf3 Nf6 5. Bg5 O-O 6. e3 Nbd7 7. Qc2 c6 8. cxd5
exd5 9. Bd3 Re8 10. h3 Nf8 11. Bf4 Bd6 12. Bxd6 Qxd6 13. O-O-O b6 14. g4 Bb7
15. Kb1 Rac8 16. g5 N6d7 17. h4 c5 18. h5 g6 19. hxg6 fxg6 20. Rh6 Re6 21. Rdh1
a6 22. Qd1 c4 23. Bc2 b5 24. Ne2 Qb4 25. Ne1 Qe7 26. Nf4 Rb6 27. Qf3 Qxg5 28.
Qh3 Nf6 29. Rh4 Ne4 30. Bxe4 dxe4 31. Rxh7 Nxh7 32. Qxh7+ Kf8 33. Qh8+ Ke7 34.
Qg7+ Kd6 35. Rh6 Rg8 36. Qxg8 Qxh6 37. Qd8+ Kc6 38. d5+ Kc5 39. Qc7+ Kb4 40.
Qxb6 Qh1 41. Qd6+ Ka5 42. Qa3+ Kb6 43. Qc3 g5 44. Qd4+ Ka5 45. Qd2+ Kb6 46.
Qd4+ Ka5 47. Nfg2 1-0

[Event "Campeonato Nacional da 1ª divisão"]
[Site "Torres Vedras"]
[Date "2011.07.26"]
[Round "4.4"]
[White "Camacho Collados, Marcos"]
[Black "Picard, Romain Antoine"]
[Result "*"]
[WhiteElo "2404"]
[BlackElo "2351"]
[PlyCount "111"]
[EventDate "2011.07.23"]

1. e4 e6 2. d3 d5 3. Nd2 Nf6 4. Ngf3 Be7 5. g3 O-O 6. Bg2 c5 7. O-O Nc6 8. Re1
b5 9. h4 a5 10. e5 Nd7 11. c4 bxc4 12. dxc4 Nb6 13. Bf1 a4 14. h5 Qc7 15. a3
Rd8 16. Qc2 dxc4 17. Nxc4 Nd4 18. Nxd4 cxd4 19. Bd3 Nxc4 20. Qxc4 Qa5 21. Bf4
Ba6 22. Qc2 Bxd3 23. Qxd3 Rab8 24. Re2 Rb3 25. Qc4 Qb6 26. Qxa4 Rxb2 27. Rxb2
Qxb2 28. Rd1 h6 29. Rd3 Qb1+ 30. Rd1 Qb2 31. Rd3 Qb1+ 32. Rd1 Qe4 33. Qa7 Bg5
34. Bxg5 hxg5 35. Qb6 Rd5 36. Qb8+ Kh7 37. a4 d3 38. Qb1 Kh6 39. Rd2 Kxh5 40.
Qd1+ g4 41. Ra2 Rxe5 42. a5 Kg6 43. a6 Rh5 44. f3 Qe3+ 45. Rf2 gxf3 46. a7 Ra5
47. Qxf3 Qxf3 48. Rxf3 Rxa7 49. Rxd3 Ra2 50. Rd7 f6 51. Re7 e5 52. Kf1 Kh5 53.
Rf7 Kg6 54. Rc7 Ra5 55. Kg2 f5 56. Kh3 {black resigns on move 72} *

[Event "Campeonato Nacional da 1ª divisão"]
[Site "Torres Vedras"]
[Date "2011.07.26"]
[Round "4.4"]
[White "Padeiro, José "]
[Black "Diogo, Vasco "]
[Result "1/2-1/2"]
[WhiteElo "2304"]
[BlackElo "2299"]
[PlyCount "75"]
[EventDate "2011.07.23"]

1. e4 c5 2. c3 d5 3. exd5 Qxd5 4. d4 Nc6 5. Nf3 Bg4 6. dxc5 Qxd1+ 7. Kxd1
O-O-O+ 8. Ke1 e5 9. Be3 f5 10. Bg5 Rd7 11. Nfd2 Bxc5 12. f3 Bh5 13. Bc4 Bf7 14.
Bxf7 Rxf7 15. Nb3 Bb6 16. N1d2 h6 17. Bh4 g5 18. Bf2 Nf6 19. Bxb6 axb6 20. Nc4
Rd8 21. Nxb6+ Kc7 22. Nc4 e4 23. Rd1 b5 24. Na3 Rxd1+ 25. Kxd1 b4 26. Nc4 Nd5
27. Kc2 exf3 28. gxf3 Re7 29. Rd1 Ne3+ 30. Nxe3 Rxe3 31. Rd3 Re2+ 32. Rd2 Re3
33. Rf2 f4 34. Nd2 bxc3 35. bxc3 Ne5 36. Nf1 Re1 37. Nd2 Re3 38. Nf1 1/2-1/2

[Event "Campeonato Nacional da 1ª divisão"]
[Site "Torres Vedras"]
[Date "2011.07.26"]
[Round "4.4"]
[White "Garcia Rodriguez, Victor"]
[Black "Carneiro, Carlos Alberto Carva"]
[Result "0-1"]
[WhiteElo "2222"]
[BlackElo "2278"]
[PlyCount "186"]
[EventDate "2011.07.23"]

1. e4 c5 2. Nf3 Nc6 3. d4 cxd4 4. Nxd4 g6 5. Nc3 Bg7 6. Be3 Nf6 7. Be2 O-O 8.
O-O d5 9. exd5 Nb4 10. d6 Qxd6 11. Ndb5 Qxd1 12. Raxd1 Bf5 13. Bc5 Nc6 14. Bf3
Nd7 15. Bd4 Nde5 16. Bxc6 Nxc6 17. Bxg7 Kxg7 18. Nd4 Nxd4 19. Rxd4 Rac8 20. Re1
Be6 21. Red1 Rc7 22. R1d2 Rfc8 23. Kf1 h5 24. Ke1 Bf5 25. Kd1 Rc5 26. f3 g5 27.
Rd5 Kg6 28. R5d4 Be6 29. a3 Rc4 30. Nd5 Bxd5 31. Rxd5 R8c7 32. c3 e6 33. Rd8
Kf6 34. R2d7 h4 35. h3 Kf5 36. Ke2 f6 37. Ke3 R4c6 38. Rd4 Rb6 39. Rd2 Rbc6 40.
R8d4 e5 41. Rd7 Ke6 42. Rd8 Kf5 43. Kf2 Kf4 44. Re2 Re7 45. Red2 Rb6 46. Rc8
Ree6 47. Rc4+ Kf5 48. Rc7 Rb3 49. Rc4 Reb6 50. Rb4 R3xb4 51. axb4 Ke6 52. Ke2
Ra6 53. Rd8 Ra2 54. Rd2 Kf5 55. Ke3 Ke6 56. Ke2 Ra1 57. Kf2 Rc1 58. Ke2 Kf5 59.
Ke3 Ke6 60. Ke2 Rb1 61. Kf2 f5 62. Ke3 Rc1 63. b5 Rb1 64. Kd3 Rc1 65. Kc4 b6
66. b4 Ra1 67. Kb3 e4 68. fxe4 fxe4 69. Kc4 Ke5 70. Rf2 Rd1 71. Ra2 Rd7 72. Rf2
Rc7+ 73. Kb3 e3 74. Rf8 Re7 75. Kc2 e2 76. Kd2 Kd5 77. Ke1 Kc4 78. Rf3 Re5 79.
Rf7 Kxc3 80. Rxa7 Kxb4 81. Rd7 Kxb5 82. Rd3 Kc4 83. Ra3 b5 84. g3 hxg3 85. Rxg3
b4 86. h4 gxh4 87. Rg4+ Kc3 88. Rxh4 b3 89. Rh8 b2 90. Rc8+ Kb3 91. Rb8+ Kc2
92. Rc8+ Kb1 93. Rc7 Ra5 0-1

[Event "Campeonato Nacional da 1ª divisão"]
[Site "Torres Vedras"]
[Date "2011.07.26"]
[Round "4.4"]
[White "Santos, José Luis Machado Al"]
[Black "Silvério, Luis Filipe dos Reis"]
[Result "1/2-1/2"]
[WhiteElo "2225"]
[BlackElo "2114"]
[PlyCount "87"]
[EventDate "2011.07.23"]

1. e4 e6 2. d4 d5 3. Nc3 Nf6 4. Bg5 Be7 5. e5 Nfd7 6. Bxe7 Qxe7 7. f4 a6 8. Nf3
c5 9. Bd3 Nc6 10. O-O cxd4 11. Ne2 g5 12. Qd2 g4 13. Nfxd4 Nc5 14. c3 Nxd3 15.
Qxd3 Bd7 16. Rae1 O-O-O 17. Nxc6 Bxc6 18. Nd4 Qd7 19. f5 Rhf8 20. Rf4 Bb5 21.
Nxb5 axb5 22. f6 h5 23. Rb4 Kb8 24. Qxb5 Qxb5 25. Rxb5 Kc7 26. Rb4 Kc6 27. a3
Rg8 28. Rd4 Ra8 29. Re3 b5 30. Kf2 Rg5 31. Rf4 Ra4 32. Rb4 Kc5 33. Ke2 Rxb4 34.
axb4+ Kc4 35. Kd2 Rf5 36. Re2 Kb3 37. Kd3 Rf4 38. g3 Rc4 39. Rd2 Re4 40. Re2
Rxe2 41. Kxe2 Kxb2 42. Kd2 Kb1 43. Kd1 Ka2 44. Ke2 1/2-1/2

[Event "Campeonato Nacional da 1ª divisão"]
[Site "Torres Vedras"]
[Date "2011.07.26"]
[Round "4.5"]
[White "Lanzani, Mario Lorenzo"]
[Black "Garcia - Ortega Mendez, Jose Manuel"]
[Result "0-1"]
[WhiteElo "2357"]
[BlackElo "2358"]
[PlyCount "38"]
[EventDate "2011.07.23"]

1. e4 c5 2. Nf3 d6 3. d4 cxd4 4. Nxd4 Nf6 5. Nc3 a6 6. Be2 e5 7. Nb3 Be7 8. O-O
Be6 9. f4 Qc7 10. f5 Bc4 11. g4 h6 12. h4 Nbd7 13. g5 hxg5 14. hxg5 Nh7 15.
Bxc4 Qxc4 16. Qh5 O-O-O 17. Nd5 Nxg5 18. Nxe7+ Kb8 19. Qd1 Qxe4 0-1

[Event "Campeonato Nacional da 1ª divisão"]
[Site "Torres Vedras"]
[Date "2011.07.26"]
[Round "4.5"]
[White "Cabezas Ayala, Iván Rafael "]
[Black "Coimbra, Margarida Gonçalves"]
[Result "1/2-1/2"]
[WhiteElo "2336"]
[BlackElo "2113"]
[PlyCount "65"]
[EventDate "2011.07.23"]

1. e4 e5 2. Nf3 Nc6 3. Bb5 a6 4. Ba4 Nf6 5. O-O b5 6. Bb3 Bc5 7. c3 d6 8. d4
Bb6 9. a4 Bb7 10. Bg5 h6 11. Bxf6 Qxf6 12. Bd5 O-O 13. dxe5 dxe5 14. Qe2 bxa4
15. Rxa4 a5 16. Nbd2 Ba6 17. Bc4 Bxc4 18. Nxc4 Rad8 19. h3 Rd7 20. Ra3 Rfd8 21.
Rb3 Qe6 22. Rb5 f6 23. Nxb6 cxb6 24. Qe3 Rb7 25. Rxb6 Rxb6 26. Qxb6 Rb8 27. Qc5
Rxb2 28. Rd1 Ne7 29. Rd8+ Kh7 30. Rd6 Qc8 31. Qxc8 Nxc8 32. Ra6 Rc2 33. Rxa5
1/2-1/2

[Event "Campeonato Nacional da 1ª divisão"]
[Site "Torres Vedras"]
[Date "2011.07.26"]
[Round "4.5"]
[White "Rego, Pedro"]
[Black "Neves, Pedro "]
[Result "0-1"]
[WhiteElo "2112"]
[BlackElo "2198"]
[PlyCount "122"]
[EventDate "2011.07.23"]

1. e4 c5 2. c3 d5 3. exd5 Qxd5 4. d4 Nf6 5. Nf3 Nc6 6. Be2 cxd4 7. cxd4 e6 8.
O-O Be7 9. Nc3 Qd8 10. h3 O-O 11. Be3 Nd5 12. Nxd5 Qxd5 13. a3 b6 14. Qa4 Bb7
15. Qb5 Rfd8 16. Qxd5 Rxd5 17. Bc4 Rdd8 18. b4 Bf6 19. Rfd1 Ne7 20. Ne5 Nf5 21.
Ng4 Bxd4 22. Bxd4 Nxd4 23. Ne3 Rac8 24. Rac1 Kf8 25. Bf1 Ke7 26. Rxc8 Bxc8 27.
Rc1 Bb7 28. Rc7+ Rd7 29. Rc3 Bc6 30. Rc4 e5 31. Nf5+ Nxf5 32. Rxc6 Kd8 33. Rc3
Rc7 34. Rd3+ Ke7 35. Rd5 f6 36. g4 Nd6 37. a4 Rc1 38. Rd2 Rb1 39. b5 Ra1 40.
Rc2 Kd7 41. Rb2 Rxa4 42. Bg2 Ra5 43. Bc6+ Ke7 44. f3 a6 45. bxa6 Rxa6 46. Kf2
b5 47. Bd5 Ra7 48. Rb3 g6 49. Bc6 Ra5 50. Ke3 Ke6 51. f4 Nc4+ 52. Kd3 Ra3 53.
Rxa3 Nxa3 54. fxe5 Kxe5 55. Kc3 Kf4 56. Kb3 Nc4 57. Bxb5 Ne3 58. Kc3 Kg3 59.
Kd3 Nd5 60. Bd7 Nf4+ 61. Ke4 Nxh3 0-1

[Event "Campeonato Nacional da 1ª divisão"]
[Site "Torres Vedras"]
[Date "2011.07.26"]
[Round "4.5"]
[White "Figuero Toro, Julian Francisco"]
[Black "Cadeirinhas, David Eduardo Louro"]
[Result "1-0"]
[WhiteElo "2226"]
[BlackElo "1825"]
[PlyCount "45"]
[EventDate "2011.07.23"]

1. e4 c5 2. Nc3 g6 3. f4 Bg7 4. Nf3 e6 5. d4 cxd4 6. Nxd4 a6 7. Be3 Ne7 8. Qd2
O-O 9. O-O-O d5 10. e5 Nec6 11. Nxc6 Nxc6 12. h4 Qc7 13. h5 Rd8 14. Qf2 Qe7 15.
Bc5 Qe8 16. hxg6 fxg6 17. Qh4 h6 18. Bd3 Rd7 19. Qg4 Kh7 20. Rh3 Qf7 21. Rg3
Ne7 22. Bxe7 Rxe7 23. Bxg6+ 1-0

[Event "Campeonato Nacional da 1ª divisão"]
[Site "Torres Vedras"]
[Date "2011.07.26"]
[Round "4.6"]
[White "Silva, Fernando Mário Pires"]
[Black "Andres Gonzalez, Alberto"]
[Result "1-0"]
[WhiteElo "2364"]
[BlackElo "2506"]
[PlyCount "85"]
[EventDate "2011.07.23"]

1. Nf3 d5 2. d4 Nf6 3. c4 c6 4. Nc3 e6 5. cxd5 exd5 6. Bg5 Be7 7. Qc2 Bg4 8.
Ne5 Bh5 9. e3 Nbd7 10. Nd3 Bg6 11. Be2 Ne4 12. Bf4 Qa5 13. O-O Nxc3 14. bxc3
O-O 15. Qb3 Qb6 16. c4 Qxb3 17. axb3 Nb6 18. Rfc1 Rfc8 19. Ra2 c5 20. Nxc5 dxc4
21. bxc4 Bxc5 22. dxc5 Rxc5 23. Bd6 Rc6 24. c5 Rd8 25. Rca1 Nc8 26. Bf3 Ra6 27.
Rxa6 bxa6 28. Bf4 Rd2 29. g4 h5 30. gxh5 Bd3 31. Bb7 Bf5 32. e4 Rb2 33. Bxa6
Bh3 34. Bf1 Be6 35. Kg2 f6 36. Ra6 Kf7 37. Rc6 a5 38. Ba6 Ne7 39. Rc7 Ke8 40.
Bd6 Ng8 41. Bc8 Bb3 42. Bd7+ Kd8 43. Bf5 1-0